[Event "CAN-ch"]
[Site "Toronto"]
[Date "2025.04.20"]
[Round "6"]
[White "Sambuev, Bator"]
[Black "Rodrigue Lemieux, Shawn"]
[Result "1/2-1/2"]
[WhiteElo "2429"]
[BlackElo "2505"]
[PlyCount "74"]
[EventDate "2025.04.18"]
[EventType "swiss"]
[EventRounds "9"]
[EventCountry "CAN"]
[SourceTitle "CB17_2025"]
[SourceDate "2025.04.23"]
[SourceVersion "1"]
[SourceVersionDate "2025.04.23"]
[SourceQuality "1"]

1. c4 e6 2. Nf3 d5 3. g3 dxc4 4. Qa4+ Nd7 5. Bg2 a6 6. Qxc4 b5 7. Qc2 Bb7 8. 0-0 Ngf6 9. a4 bxa4 10. Rxa4 c5 11. b3 Be7 12. Bb2 0-0 13. Na3 Nb6 14. Rh4 h6 15. Nc4 Nxc4 16. bxc4 Rb8 17. Be5 Bd6 18. Bc3 Re8 19. Rb1 e5 20. Rxb7 Rxb7 21. Nxe5 Bxe5 22. Bxb7 Bxc3 23. dxc3 a5 24. Rf4 Qd7 25. Ba6 Qe6 26. Bb5 Qxe2 27. Qf5 Rd8 28. Kg2 h5 29. Ba4 Qe7 30. Qb1 Rd2 31. Qb8+ Rd8 32. Qb6 Rd2 33. Qc6 Ng4 34. Qc8+ Rd8 35. Qc6 Rd2 36. Qc8+ Rd8 37. Qc6 Rd2 1/2-1/2

[Event "CAN-ch"]
[Site "Toronto"]
[Date "2025.04.18"]
[Round "1"]
[White "Rodrigue Lemieux, Shawn"]
[Black "Wu, Nathan Ping Ying"]
[Result "1-0"]
[WhiteElo "2505"]
[BlackElo "2083"]
[PlyCount "79"]
[EventDate "2025.04.18"]
[EventType "swiss"]
[EventRounds "9"]
[EventCountry "CAN"]
[SourceTitle "CB17_2025"]
[SourceDate "2025.04.23"]
[SourceVersion "1"]
[SourceVersionDate "2025.04.23"]
[SourceQuality "1"]

1. e4 d5 2. exd5 Qxd5 3. Nc3 Qa5 4. d4 Nf6 5. Nf3 Bf5 6. Ne5 c6 7. Bc4 e6 8. g4 Bg6 9. h4 Nbd7 10. Nxd7 Nxd7 11. h5 Be4 12. 0-0 Bd5 13. Nxd5 cxd5 14. Bd3 Bd6 15. a4 g6 16. h6 Qd8 17. Kg2 0-0 18. f4 Rc8 19. c3 Nb6 20. Qf3 Bb8 21. Bd2 Nc4 22. Bxc4 Rxc4 23. Kh3 Qd6 24. Be1 a5 25. Bh4 f6 26. Qe2 Kf7 27. Rae1 Rxa4 28. f5 exf5 29. gxf5 g5 30. Rf2 Kg8 31. Qh5 Rc4 32. Re6 Qd8 33. Rfe2 Rc6 34. Re8 Qd7 35. R2e7 Qxf5+ 36. Kg2 Qc2+ 37. Bf2 Qg6 38. Qxg6+ hxg6 39. h7+ Kh8 40. Rxf8# 1-0

[Event "USA-chT College final"]
[Site "Richardson"]
[Date "2025.04.05"]
[Round "1"]
[White "Rodrigue Lemieux, Shawn"]
[Black "Bruzon Batista, Lazaro"]
[Result "1/2-1/2"]
[WhiteElo "2505"]
[BlackElo "2559"]
[PlyCount "136"]
[EventDate "2025.04.05"]
[EventType "team-tourn"]
[EventRounds "3"]
[EventCountry "USA"]
[SourceTitle "CB15_2025"]
[SourceDate "2025.04.09"]
[SourceVersion "1"]
[SourceVersionDate "2025.04.09"]
[SourceQuality "1"]
[WhiteTeam "Texas Rio Grande Valley Univ"]
[BlackTeam "Webster Univ"]
[WhiteTeamCountry "USA"]
[BlackTeamCountry "USA"]

1. c4 e5 2. g3 d5 3. cxd5 Qxd5 4. Nf3 Nc6 5. Nc3 Qd8 6. Bg2 Nf6 7. 0-0 h6 8. d3 Be7 9. b3 0-0 10. Bb2 Re8 11. Rc1 Rb8 12. Na4 Bd6 13. Nd2 Ne7 14. Qc2 Ng6 15. Rfd1 Bg4 16. Nc4 Qd7 17. Ne3 Bh3 18. Nc5 Qc8 19. Ne4 Nxe4 20. dxe4 Bxg2 21. Kxg2 b6 22. Nf5 Bc5 23. Rd5 Qe6 24. Rcd1 Rbc8 25. h4 f6 26. Qc4 Bf8 27. Qa4 a5 28. Rd7 Ne7 29. Nxe7+ Rxe7 30. Rd8 Re8 31. Rxc8 Rxc8 32. Qb5 Bc5 33. Qa6 Rf8 34. Qb7 Bd6 35. Qc6 Qe8 36. Qd5+ Qf7 37. h5 a4 38. g4 Qxd5 39. exd5 Ra8 40. Kf3 Kf7 41. Ke4 Ra5 42. Bc3 Ra8 43. b4 a3 44. Kd3 b5 45. Kc2 g6 46. hxg6+ Kxg6 47. Rh1 e4 48. Bd2 Bf8 49. Rh5 Rd8 50. Bc3 Be7 51. Kb3 Ra8 52. Rf5 Kf7 53. Rf4 Rd8 54. Rxe4 Rxd5 55. Kxa3 f5 56. gxf5 Rxf5 57. f3 Bd6 58. Be1 h5 59. Kb3 Re5 60. Rxe5 Bxe5 61. Kc2 Bf6 62. Kd3 h4 63. Ke4 h3 64. Bg3 c6 65. Kf5 Bc3 66. Kg4 Bxb4 67. Kxh3 c5 68. Kg4 c4 1/2-1/2

[Event "Titled Tuesday intern op 04th Feb Early"]
[Site "Chess.com INT"]
[Date "2025.02.04"]
[Round "3"]
[White "Rodrigue Lemieux, Shawn"]
[Black "Dong, Bao Nghia"]
[Result "0-1"]
[WhiteElo "2511"]
[BlackElo "2221"]
[PlyCount "56"]
[EventDate "2025.02.04"]
[EventType "swiss (blitz)"]
[EventRounds "11"]
[EventCountry "USA"]
[SourceTitle "CB07_2025"]
[SourceDate "2025.02.12"]
[SourceVersion "1"]
[SourceVersionDate "2025.02.12"]
[SourceQuality "1"]

1. d4 Nf6 2. Bf4 c5 3. e3 g6 4. Nc3 Bg7 5. d5 d6 6. e4 Qa5 7. Bd2 a6 8. Nf3 0-0 9. Be2 Qc7 10. a4 e5 11. 0-0 Kh8 12. h3 h6 13. Be3 Ng8 14. Nd2 f5 15. f4 Nd7 16. Nc4 Rb8 17. a5 b5 18. axb6 Nxb6 19. fxe5 Nxc4 20. Bxc4 Bxe5 21. exf5 Bxf5 22. Rxa6 Rxb2 23. Nb5 Qe7 24. Bf4 Bxf4 25. Rxf4 Qe3+ 26. Rf2 Qxf2+ 27. Kxf2 Bxc2+ 28. Qf3 Bd3+ 0-1

[Event "Pan American Intercollegiate-chT"]
[Site "Charlotte"]
[Date "2025.01.04"]
[Round "4.8"]
[White "Kostolansky, Sebastian Lukas"]
[Black "Rodrigue Lemieux, Shawn"]
[Result "1/2-1/2"]
[WhiteElo "2421"]
[BlackElo "2496"]
[PlyCount "114"]
[EventDate "2025.01.02"]
[EventType "team-swiss"]
[EventRounds "6"]
[EventCountry "USA"]
[SourceTitle "CB02_2025"]
[SourceDate "2025.01.08"]
[SourceVersion "1"]
[SourceVersionDate "2025.01.08"]
[SourceQuality "1"]
[WhiteTeam "Texas Tech Univ"]
[BlackTeam "Texas Rio Grande Valley Univ"]
[WhiteTeamCountry "USA"]
[BlackTeamCountry "USA"]

1. e4 e5 2. Nf3 Nc6 3. Bb5 a6 4. Ba4 b5 5. Bb3 Na5 6. 0-0 d6 7. d4 exd4 8. Nxd4 Bb7 9. c4 c5 10. Nf5 g6 11. Ng3 Bg7 12. Nc3 Nxb3 13. axb3 b4 14. Nd5 Nf6 15. Bg5 h6 16. Nxf6+ Bxf6 17. Bxf6 Qxf6 18. Qd2 h5 19. Rad1 Rd8 20. f4 h4 21. Nh1 h3 22. g3 Qe7 23. Nf2 Kd7 24. e5 Kc7 25. exd6+ Qxd6 26. Qxd6+ Rxd6 27. Rxd6 Kxd6 28. Rd1+ Kc7 29. Rd2 f6 30. Ng4 Rf8 31. Kf2 Be4 32. Ne3 a5 33. Nd5+ Kb7 34. Ne7 Kc7 35. Nd5+ Kb7 36. Ne7 Re8 37. Rd7+ Kb8 38. g4 Bc2 39. Nc6+ Kc8 40. Ra7 Re4 41. Ne7+ Kd8 42. Nd5 Rd4 43. Rxa5 Rd2+ 44. Kg3 Rd3+ 45. Kh4 Rxb3 46. Rxc5 Rxb2 47. Rb5 b3 48. c5 Be4 49. Nxf6 Bd3 50. Rb7 Ba6 51. Rb4 Kc7 52. f5 gxf5 53. g5 Rxh2 54. Rxb3 Bf1 55. g6 Rg2 56. Rxh3 Rxg6 57. Rf3 Rxf6 1/2-1/2

[Event "Pan American Intercollegiate-chT"]
[Site "Charlotte"]
[Date "2025.01.03"]
[Round "2.12"]
[White "Toshali, V."]
[Black "Rodrigue Lemieux, Shawn"]
[Result "0-1"]
[WhiteElo "2050"]
[BlackElo "2496"]
[PlyCount "78"]
[EventDate "2025.01.02"]
[EventType "team-swiss"]
[EventRounds "6"]
[EventCountry "USA"]
[SourceTitle "CB02_2025"]
[SourceDate "2025.01.08"]
[SourceVersion "1"]
[SourceVersionDate "2025.01.08"]
[SourceQuality "1"]
[WhiteTeam "Webster Univ II"]
[BlackTeam "Texas Rio Grande Valley Univ"]
[WhiteTeamCountry "USA"]
[BlackTeamCountry "USA"]

1. d4 Nf6 2. Nf3 d5 3. c3 e6 4. Bf4 Bd6 5. e3 0-0 6. Nbd2 c5 7. Bg3 Qc7 8. Bd3 Nbd7 9. 0-0 e5 10. dxe5 Nxe5 11. Nxe5 Bxe5 12. e4 Bxg3 13. hxg3 Bg4 14. Qb1 c4 15. Bc2 Rad8 16. Re1 g6 17. Qc1 Rfe8 18. exd5 Rxe1+ 19. Qxe1 Re8 20. Qc1 Re2 21. Nf1 Nxd5 22. Bd1 Re1 23. Qd2 Qe5 24. Rc1 Bxd1 25. Rxd1 Rxd1 26. Qxd1 b5 27. a4 a6 28. Qg4 Kg7 29. axb5 axb5 30. Qd1 Qe4 31. f3 Qe5 32. Kf2 b4 33. Qd2 bxc3 34. bxc3 Nxc3 35. Ne3 Qf6 36. Kg1 Nb1 37. Qc1 Qd4 38. Kh2 Nd2 39. Qg1 Qxe3 0-1

[Event "Montreal Pere Noel op"]
[Site "Montreal"]
[Date "2024.12.27"]
[Round "1"]
[White "Gueorguiev, Valentin"]
[Black "Rodrigue Lemieux, Shawn"]
[Result "0-1"]
[WhiteElo "1943"]
[BlackElo "2496"]
[PlyCount "56"]
[EventDate "2024.12.27"]
[EventType "swiss"]
[EventRounds "5"]
[EventCountry "CAN"]
[SourceTitle "CB04_2025"]
[SourceDate "2025.01.22"]
[SourceVersion "1"]
[SourceVersionDate "2025.01.22"]
[SourceQuality "1"]

1. d4 Nf6 2. Bf4 d5 3. e3 c5 4. c3 Nc6 5. Bd3 Qb6 6. Qb3 c4 7. Qxb6 axb6 8. Bc2 b5 9. b4 cxb3 10. Bxb3 Bf5 11. Nd2 e6 12. Ngf3 Ba3 13. 0-0 Bb2 14. Rac1 0-0 15. Ne5 Bxc1 16. Rxc1 Rfc8 17. f3 Nb4 18. e4 Bg6 19. Nxg6 hxg6 20. Bg5 Nxa2 21. Bxa2 Rxa2 22. e5 Nh7 23. Bf4 b4 24. c4 dxc4 25. Ne4 c3 26. Nc5 b6 27. Nb3 Rb2 28. Nd2 Rxd2 0-1

[Event "US Masters op"]
[Site "Charlotte"]
[Date "2024.12.01"]
[Round "9"]
[White "Burke, John M"]
[Black "Rodrigue Lemieux, Shawn"]
[Result "1-0"]
[WhiteElo "2573"]
[BlackElo "2496"]
[PlyCount "69"]
[EventDate "2024.11.27"]
[EventType "swiss"]
[EventRounds "9"]
[EventCountry "USA"]
[SourceTitle "CB49_2024"]
[SourceDate "2024.12.04"]
[SourceVersion "1"]
[SourceVersionDate "2024.12.04"]
[SourceQuality "1"]

1. e4 c6 2. d4 d5 3. e5 Bf5 4. Nd2 e6 5. Nb3 Nd7 6. Nf3 c5 7. dxc5 Bxc5 8. Nxc5 Qa5+ 9. c3 Qxc5 10. Nd4 Ne7 11. Bf4 a6 12. h4 h6 13. Be2 Bh7 14. h5 Qc7 15. 0-0 0-0 16. Re1 Nc6 17. Bf1 Nc5 18. Qd2 Qe7 19. Rad1 Rac8 20. Qe3 Kh8 21. f3 Na4 22. Rd2 Na5 23. g4 Nc4 24. Bxc4 dxc4 25. Rg2 Nc5 26. g5 hxg5 27. Bxg5 f6 28. Bh4 Rg8 29. h6 g5 30. exf6 Qf7 31. Bxg5 Rce8 32. Nc6 bxc6 33. Qxc5 Bf5 34. h7 Bxh7 35. Qxc4 1-0

[Event "US Masters op"]
[Site "Charlotte"]
[Date "2024.11.30"]
[Round "6"]
[White "Bok, Benjamin"]
[Black "Rodrigue Lemieux, Shawn"]
[Result "1/2-1/2"]
[WhiteElo "2593"]
[BlackElo "2496"]
[PlyCount "30"]
[EventDate "2024.11.27"]
[EventType "swiss"]
[EventRounds "9"]
[EventCountry "USA"]
[SourceTitle "CB49_2024"]
[SourceDate "2024.12.04"]
[SourceVersion "1"]
[SourceVersionDate "2024.12.04"]
[SourceQuality "1"]

1. c4 Nf6 2. Nc3 e6 3. e4 d5 4. cxd5 exd5 5. e5 d4 6. exf6 dxc3 7. Bb5+ c6 8. Qe2+ Be6 9. Bc4 Qxf6 10. dxc3 Bc5 11. Nh3 0-0 12. Bxe6 Qxe6 13. Qxe6 fxe6 14. Ke2 Nd7 15. Bg5 h6 1/2-1/2

[Event "Olympiad-45"]
[Site "Budapest"]
[Date "2024.09.13"]
[Round "3.21"]
[White "Navara, David"]
[Black "Rodrigue Lemieux, Shawn"]
[Result "1-0"]
[WhiteElo "2681"]
[BlackElo "2509"]
[PlyCount "53"]
[EventDate "2024.09.11"]
[EventType "team-swiss"]
[EventRounds "11"]
[EventCountry "HUN"]
[SourceTitle "EXT 2025"]
[Source "ChessBase"]
[SourceDate "2024.10.14"]
[SourceVersion "1"]
[SourceVersionDate "2024.10.14"]
[SourceQuality "1"]
[WhiteTeam "Czech Republic"]
[BlackTeam "Canada"]
[WhiteTeamCountry "CZE"]
[BlackTeamCountry "CAN"]

1. e4 c6 2. d4 d5 3. e5 Bf5 4. Nf3 e6 5. Be2 c5 6. Be3 Qb6 7. Nc3 Nc6 8. Bb5 c4 9. 0-0 Nge7 10. b3 a6 11. Ba4 Qa5 12. Bd2 Qd8 13. bxc4 dxc4 14. Bg5 Qa5 15. Rb1 Qxc3 16. Rxb7 Be4 17. d5 Bxd5 18. Bxe7 Qa5 19. c3 Bxe7 20. Bxc6+ Kf8 21. Bxd5 Rd8 22. Bxc4 Rxd1 23. Rxd1 g5 24. Rdd7 Bd8 25. Nd4 Kg7 26. Rxf7+ Kh6 27. Bd3 1-0

[Event "Francophonie-ch 10th"]
[Site "Quebec"]
[Date "2024.08.15"]
[Round "5"]
[White "Rodrigue Lemieux, Shawn"]
[Black "Flom, Gabriel"]
[Result "1/2-1/2"]
[WhiteElo "2506"]
[BlackElo "2459"]
[PlyCount "47"]
[EventDate "2024.08.13"]
[EventType "swiss"]
[EventRounds "9"]
[EventCountry "CAN"]
[SourceTitle "EXT 2025"]
[Source "ChessBase"]
[SourceDate "2024.10.14"]
[SourceVersion "1"]
[SourceVersionDate "2024.10.14"]
[SourceQuality "1"]

1. e4 c5 2. Nf3 e6 3. d4 cxd4 4. Nxd4 Nc6 5. Nc3 Qc7 6. g3 a6 7. Bg2 Nf6 8. 0-0 Nxd4 9. Qxd4 Bc5 10. Bf4 d6 11. Qd2 h6 12. Rad1 e5 13. Be3 Bxe3 14. fxe3 Be6 15. Qxd6 Rc8 16. Qxc7 Rxc7 17. Rd2 Ke7 18. Nd5+ Bxd5 19. exd5 Ne8 20. c3 Nd6 21. e4 h5 22. h4 b5 23. Re1 Rc4 24. Kf2 1/2-1/2

[Event "Francophonie-ch 10th"]
[Site "Quebec"]
[Date "2024.08.13"]
[Round "1"]
[White "Rodrigue Lemieux, Shawn"]
[Black "Mercure, Gilbert"]
[Result "1-0"]
[WhiteElo "2506"]
[BlackElo "1780"]
[PlyCount "57"]
[EventDate "2024.08.13"]
[EventType "swiss"]
[EventRounds "9"]
[EventCountry "CAN"]
[SourceTitle "EXT 2025"]
[Source "ChessBase"]
[SourceDate "2024.10.14"]
[SourceVersion "1"]
[SourceVersionDate "2024.10.14"]
[SourceQuality "1"]

1. e4 d5 2. exd5 Nf6 3. d4 Bg4 4. f3 Bd7 5. c4 c6 6. Nc3 cxd5 7. cxd5 e6 8. dxe6 Bxe6 9. Bd3 Nc6 10. Nge2 Nd5 11. 0-0 Be7 12. Be4 Bf6 13. Nxd5 Bxd5 14. Be3 0-0 15. Qd3 g6 16. Rfd1 Ne7 17. Nc3 a6 18. Bh6 Re8 19. Nxd5 Nxd5 20. Qb3 Ne7 21. Qxb7 Qd6 22. Qb3 Rab8 23. Qc3 Rec8 24. Qd2 Nd5 25. Rac1 Rxc1 26. Qxc1 Rd8 27. Qc5 Qe6 28. Bxd5 Rxd5 29. Qf8# 1-0

[Event "New Westminster BC Day"]
[Site "New Westminster"]
[Date "2024.08.05"]
[Round "9"]
[White "Rodrigue Lemieux, Shawn"]
[Black "Qu, Leo"]
[Result "1-0"]
[WhiteElo "2506"]
[BlackElo "1987"]
[PlyCount "131"]
[EventDate "2024.08.01"]
[EventType "swiss"]
[EventRounds "9"]
[EventCountry "CAN"]
[SourceTitle "CBM 221 Extra"]
[Source "ChessBase"]
[SourceDate "2024.09.30"]
[SourceVersion "1"]
[SourceVersionDate "2024.09.30"]
[SourceQuality "1"]

1. e4 c6 2. Nf3 d5 3. d3 dxe4 4. dxe4 Qxd1+ 5. Kxd1 Nf6 6. Nbd2 g6 7. Ne5 Be6 8. f3 Bh6 9. c3 Nbd7 10. Nd3 0-0-0 11. Kc2 Ne8 12. b3 Nc7 13. Be2 f6 14. a4 Rhe8 15. Re1 Bg8 16. Rd1 Kb8 17. g3 e5 18. Ba3 Bf8 19. Bxf8 Rxf8 20. a5 a6 21. Nb2 Nb5 22. Ndc4 Kc7 23. Na4 Rfe8 24. Ncb6 Be6 25. h4 Na7 26. Bf1 Nc8 27. Bc4 Bxc4 28. Nxc4 Nf8 29. Nc5 Nd7 30. Nd3 Nf8 31. h5 Ne6 32. Rh1 Rh8 33. Rh2 Ng5 34. Rf1 Nd6 35. Ne3 Ne6 36. Rfh1 g5 37. Nf2 Rhf8 38. Nfg4 Ng7 39. h6 Ne6 40. Re1 Kd7 41. Rd2 Kc7 42. Rf2 Nc5 43. b4 Ne6 44. Nf5 Rf7 45. Ng7 Nxg7 46. hxg7 Rxg7 47. Nxf6 Nc4 48. Rh1 Ne3+ 49. Kb3 Rf7 50. Nxh7 Rg8 51. Rh5 g4 52. Ng5 Re7 53. fxg4 Nxg4 54. Rf3 b6 55. axb6+ Kxb6 56. Nf7 Rf8 57. Rhf5 Nh2 58. Nd6 Rg8 59. Rf7 Rxf7 60. Nc4+ Kc7 61. Rxf7+ Kc8 62. Nxe5 Re8 63. Nc4 Rg8 64. e5 Rxg3 65. e6 Rg6 66. Nd6+ 1-0

[Event "Waterloo Maplewood"]
[Site "Waterloo"]
[Date "2024.07.25"]
[Round "9"]
[White "Rodrigue Lemieux, Shawn"]
[Black "Noritsyn, Nikolay"]
[Result "1/2-1/2"]
[WhiteElo "2499"]
[BlackElo "2450"]
[PlyCount "94"]
[EventDate "2024.07.20"]
[EventType "tourn"]
[EventRounds "9"]
[EventCountry "CAN"]
[EventCategory "10"]
[SourceTitle "CBM 221 Extra"]
[Source "ChessBase"]
[SourceDate "2024.09.30"]
[SourceVersion "1"]
[SourceVersionDate "2024.09.30"]
[SourceQuality "1"]

1. e4 e6 2. d4 d5 3. Nd2 c5 4. exd5 Qxd5 5. Ngf3 cxd4 6. g3 Nf6 7. Bg2 Be7 8. 0-0 Qd8 9. Nb3 d3 10. c3 Nc6 11. Ne1 a5 12. Nxd3 0-0 13. Qe2 a4 14. Nbc5 Qa5 15. Ne4 a3 16. Rb1 axb2 17. Bxb2 Rd8 18. Nb4 Qc7 19. Nxf6+ Bxf6 20. Qc4 Bd7 21. Rfd1 Rdc8 22. Bc1 Be8 23. Bf4 Qa5 24. Nxc6 bxc6 25. Rd2 Qxc3 26. Rc1 Qa3 27. Rdc2 h6 28. Qe2 Qa4 29. h4 Ra5 30. Bd2 Re5 31. Qc4 Qa7 32. Be4 Rd8 33. Be3 Qa5 34. Bf4 Rb5 35. Bc7 Qxc7 36. Qxb5 Bd4 37. Kg2 c5 38. Qe2 g6 39. Bf3 Rb8 40. Qd2 Bc6 41. Qd3 Qb6 42. Bxc6 Qxc6+ 43. Qf3 Qa4 44. Qf4 Qa8+ 45. Qf3 Qa4 46. Qf4 Qa8+ 47. Qf3 Qa4 1/2-1/2

[Event "Waterloo Maplewood"]
[Site "Waterloo"]
[Date "2024.07.24"]
[Round "7"]
[White "Rodrigue Lemieux, Shawn"]
[Black "Stefansson, Vignir Vatnar"]
[Result "1/2-1/2"]
[WhiteElo "2499"]
[BlackElo "2500"]
[PlyCount "60"]
[EventDate "2024.07.20"]
[EventType "tourn"]
[EventRounds "9"]
[EventCountry "CAN"]
[EventCategory "10"]
[SourceTitle "CBM 221 Extra"]
[Source "ChessBase"]
[SourceDate "2024.09.30"]
[SourceVersion "1"]
[SourceVersionDate "2024.09.30"]
[SourceQuality "1"]

1. e4 c5 2. Nf3 d6 3. d4 cxd4 4. Nxd4 Nf6 5. Nc3 Nc6 6. Bg5 e6 7. Qd2 a6 8. 0-0-0 Bd7 9. f4 b5 10. Bxf6 gxf6 11. Kb1 Qb6 12. Nce2 b4 13. Nxc6 Bxc6 14. f5 e5 15. Ng3 h5 16. h4 Bh6 17. Qxd6 Rd8 18. Qxd8+ Qxd8 19. Rxd8+ Kxd8 20. Bxa6 Rg8 21. Nxh5 Ke7 22. Bd3 Rxg2 23. Rd1 Be3 24. a3 b3 25. cxb3 Bd4 26. Bc2 Bb5 27. Bd3 Bc6 28. Bc2 Bb5 29. Bd3 Bc6 30. Bc2 Bb5 1/2-1/2

[Event "Waterloo Maplewood"]
[Site "Waterloo"]
[Date "2024.07.22"]
[Round "5"]
[White "Rodrigue Lemieux, Shawn"]
[Black "Kantans, Toms"]
[Result "1/2-1/2"]
[WhiteElo "2499"]
[BlackElo "2471"]
[PlyCount "102"]
[EventDate "2024.07.20"]
[EventType "tourn"]
[EventRounds "9"]
[EventCountry "CAN"]
[EventCategory "10"]
[SourceTitle "CBM 221 Extra"]
[Source "ChessBase"]
[SourceDate "2024.09.30"]
[SourceVersion "1"]
[SourceVersionDate "2024.09.30"]
[SourceQuality "1"]

1. e4 c5 2. Nf3 d6 3. Bb5+ Nd7 4. Ba4 Ngf6 5. 0-0 e6 6. Re1 a6 7. c3 b5 8. Bc2 c4 9. d4 cxd3 10. Qxd3 Bb7 11. a4 Nc5 12. Qe2 Nxa4 13. e5 Nd7 14. Nbd2 Qc7 15. exd6 Bxd6 16. Ne4 Nab6 17. Nfg5 Bxh2+ 18. Kh1 Bf4 19. Qh5 g6 20. Qh4 Bxc1 21. Raxc1 Bd5 22. c4 bxc4 23. Nc3 Nc5 24. b4 cxb3 25. Nxd5 Nxd5 26. Bxb3 Qf4 27. Qxf4 Nxf4 28. Rxc5 Nd3 29. Ba4+ Kf8 30. Rc7 Nxe1 31. Nxf7 Kg7 32. Ne5+ Kf6 33. f4 Kf5 34. Rc1 Nxg2 35. Kxg2 Kxf4 36. Nd3+ Kg5 37. Nc5 Rhb8 38. Nxe6+ Kf6 39. Rc6 Ke5 40. Nc5 Ra7 41. Nxa6 Rb2+ 42. Kg3 Ra2 43. Bb5 Ra3+ 44. Kg4 h5+ 45. Kh4 Ra5 46. Rxg6 Rxb5 47. Rg5+ Kd4 48. Rxb5 Rxa6 49. Kxh5 Re6 50. Rg5 Re5 51. Rxe5 Kxe5 1/2-1/2

[Event "Waterloo Maplewood"]
[Site "Waterloo"]
[Date "2024.07.20"]
[Round "2"]
[White "Atanasov, Anthony"]
[Black "Rodrigue Lemieux, Shawn"]
[Result "0-1"]
[WhiteElo "2407"]
[BlackElo "2499"]
[PlyCount "68"]
[EventDate "2024.07.20"]
[EventType "tourn"]
[EventRounds "9"]
[EventCountry "CAN"]
[EventCategory "10"]
[SourceTitle "CBM 221 Extra"]
[Source "ChessBase"]
[SourceDate "2024.09.30"]
[SourceVersion "1"]
[SourceVersionDate "2024.09.30"]
[SourceQuality "1"]

1. e4 c6 2. d4 d5 3. Nc3 dxe4 4. Nxe4 Nf6 5. Nxf6+ exf6 6. Be3 Bd6 7. Bd3 0-0 8. Ne2 Re8 9. Qd2 Be6 10. 0-0 Qd7 11. Rfd1 Bf5 12. d5 Be5 13. Bxf5 Qxf5 14. c4 Rd8 15. Qa5 Na6 16. Ng3 Qg4 17. f4 Bc7 18. Qd2 Re8 19. Kh1 Rad8 20. a3 h5 21. Ne2 Bb6 22. Bxb6 Rxe2 23. Qxe2 Qxe2 24. Bxd8 Nc5 25. Re1 Qxc4 26. d6 Ne4 27. Bc7 Nf2+ 28. Kg1 Qd4 29. Re8+ Kh7 30. Kf1 Ng4 31. Ke2 Qxb2+ 32. Kd3 Qxa1 33. Kc2 Qa2+ 34. Kd1 Nf2+ 0-1

[Event "Wch U20 61st"]
[Site "Gandhinagar"]
[Date "2024.06.03"]
[Round "2"]
[White "Rodrigue Lemieux, Shawn"]
[Black "Dhami, Dipak"]
[Result "1-0"]
[WhiteElo "2510"]
[BlackElo "1702"]
[PlyCount "75"]
[EventDate "2024.06.02"]
[EventType "swiss"]
[EventRounds "11"]
[EventCountry "IND"]
[SourceTitle "CBM 220 Extra"]
[Source "ChessBase"]
[SourceDate "2024.07.31"]
[SourceVersion "1"]
[SourceVersionDate "2024.07.31"]
[SourceQuality "1"]

1. d4 Nf6 2. c4 e6 3. Nf3 d5 4. g3 Be7 5. Bg2 0-0 6. 0-0 b6 7. Qc2 Bb7 8. Bg5 Nbd7 9. Nc3 c5 10. dxc5 bxc5 11. cxd5 Nxd5 12. Bxe7 Qxe7 13. Rac1 Nxc3 14. Qxc3 Rfc8 15. Qa3 Nb6 16. Rfd1 h6 17. Rd3 Nd5 18. Rcd1 Qc7 19. Rc1 c4 20. Rd2 Nb6 21. Qe3 a5 22. Rd4 Nd5 23. Qd2 Qc5 24. Ne5 c3 25. bxc3 Ra7 26. Rc4 Qd6 27. Qd4 Rxc4 28. Nxc4 Qa6 29. Rb1 Ra8 30. e4 Rc8 31. Bf1 Nxc3 32. Qxc3 Bxe4 33. Re1 Bd5 34. Qxa5 Qxa5 35. Nxa5 Ra8 36. Nc4 Rxa2 37. Ne3 Bf3 38. Bg2 1-0

[Event "Southwest Class-ch 15th"]
[Site "Irving"]
[Date "2024.02.19"]
[Round "8"]
[White "Rodrigue Lemieux, Shawn"]
[Black "Belous, Vladimir"]
[Result "1-0"]
[WhiteElo "2493"]
[BlackElo "2497"]
[PlyCount "113"]
[EventDate "2024.02.12"]
[EventType "swiss"]
[EventRounds "9"]
[EventCountry "USA"]
[SourceTitle "CBM 220 Extra"]
[Source "ChessBase"]
[SourceDate "2024.07.31"]
[SourceVersion "1"]
[SourceVersionDate "2024.07.31"]
[SourceQuality "1"]

1. e4 c5 2. Nf3 Nc6 3. Bb5 g6 4. Bxc6 bxc6 5. 0-0 Bg7 6. Re1 Nh6 7. c3 0-0 8. d4 cxd4 9. cxd4 d5 10. e5 Bg4 11. Nbd2 Qc8 12. h3 Bh5 13. Nf1 f6 14. Bxh6 Bxh6 15. g4 Bxg4 16. hxg4 Qxg4+ 17. Ng3 Qh3 18. Nh2 Bf4 19. Qg4 Qxg4 20. Nxg4 h5 21. Ne2 Bg5 22. Nh2 fxe5 23. dxe5 Rab8 24. b3 Rb4 25. Rad1 Bh4 26. Rf1 Re4 27. Nd4 Rxe5 28. Nhf3 Re4 29. Nxh4 Rxh4 30. Nxc6 Rg4+ 31. Kh2 e6 32. f3 Rgf4 33. Kg2 Kg7 34. Rd4 Rxd4 35. Nxd4 Kf6 36. f4 Rb8 37. Rc1 Rb4 38. Rd1 Rb6 39. Re1 Ra6 40. Re2 Rb6 41. Kf3 a5 42. a3 Ke7 43. Kg3 Kf6 44. Kh4 Ra6 45. b4 axb4 46. axb4 Kf7 47. b5 Ra4 48. Rb2 Rxd4 49. b6 Kg7 50. Kg3 h4+ 51. Kf3 g5 52. fxg5 e5 53. b7 Rf4+ 54. Kg2 Rf8 55. b8Q Rxb8 56. Rxb8 Kg6 57. Re8 1-0